000
00324nam a2200121Ia 4500
008
220204s9999 xx 000 0 und d
082
_a
678.5:678.01(035)
_b
VIS
100
_a
Vishu Sha
245
0
_a
Handbook of plastics testing technology
260
_a
New York
_b
John Wiley
_c
1984
650
_a
Plastics testing
942
_c
BK
999
_c
38471
_d
38471